000 00783nam a2200301Ia 4500
003 OSt
005 20221006142725.0
006 a|||||r|||| 00| 0
007 ta
008 221006b |||||||| |||| 00| 0 eng d
020 _c
_4.00
024 _a7,039
037 _cTextual
040 _aEASL
_cEASL
_beng
041 _2eng
_aeng
082 _aQ842, L5
100 _aBERNIER Bernard
_9648279
245 0 _aBreaking the cosmic circle
_b Religion in a Japanese villiage
260 _aIthaca
_bCornell University
_c1975
300 _a188p.
_ccm.
490 _v JEL
650 _a JEL
650 _a Life-Cycle
_9648280
650 _a Rituals
_9289566
650 _aReligion
942 _hQ842, L5
_cTEXL
_2CC
999 _c1075125
_d1075125